000 00507 a2200169 4500
003 OSt
005 20240207145651.0
008 240207b |||||||| |||| 00| 0 eng d
040 _coclc
082 _a894.8128
_bCHI/A
100 _aChittettukalam, Tony
_97506
245 _aAakarshakamaaya Vyakthithwam /
_c Tony Chittettukalam
250 _a2nd ed.
260 _aKozhikode:
_b Olive Publications,
_c2012.
300 _a105p.
942 _2ddc
_cBK
_h894.8128
_iCHI/A
_k894.81.28
_mCHI/A
999 _c44364
_d44364